| 000 | 01188 a2200229 4500 | ||
|---|---|---|---|
| 020 | _a0201631768 | ||
| 020 | _a9780201631760 | ||
| 082 | 0 | 4 | _a004.35068 |
| 090 |
_c2185 _d2185 |
||
| 100 | 1 | _aLangsford, Alwyn. | |
| 245 | 1 | 0 |
_aDistributed systems management / _cAlwyn Langsford. |
| 260 |
_a[S.l.] : _bAddison-Wesley Pub (Sd), _c1993. |
||
| 300 |
_a352 p. ; _c25 cm. |
||
| 490 | 1 | _aDcn. | |
| 500 | _aHardcover. | ||
| 520 | _aThis book provides a strategic and technical perspective on the practices necessary for good distributed systems management for network managers and engineers. Features *investigates the interplay of management skills needed to develop and present the case for a managed syste *includes a checklist of points to be considered when planning, installing and maintaining a distributed syste *covers managing distributed systems securit *provides an overview of current product types. | ||
| 700 | 1 | _aMoffett, Jonathan. | |
| 830 | 0 | _aDcn. | |
| 856 | 4 | 0 |
_3Amazon.com _uhttp://www.amazon.com/exec/obidos/ASIN/0201631768/chopaconline-20 |
| 856 | 4 | 0 |
_3Amazon customer reviews _uhttp://www.chopac.org/cgi-bin/tools/azrev.pl?q=0201631768 |
| 942 |
_aNBS _cBK _k658.8 LAN |
||
| 999 |
_c344687 _d344687 |
||